Després de la cimera de Rio / Brice Lalonde ... [et al.]. Dona i desenvolupament sostenible / Vandana Shiva ... [et al.] ; director de la publicació: Santiago Vilanova i Tané Santiago Vilanova i Tané
ISBN:
84-7794-582-9
Descripción Física:
210 p. : il. ; 24 cm
MARC
| LEADER | 00000nam a2200000Ia 4500 | ||
|---|---|---|---|
| 001 | 12091 | ||
| 008 | 160829s1998 xx 000 0 cat d | ||
| 020 | |a 84-7794-582-9 | ||
| 080 | |a C-1-267 | ||
| 111 | |a Simposi Internacional Una Sola Terra |n (3r : |d 1994 : |c Barcelona, Catalunya) |9 55519 | ||
| 245 | |a Després de la cimera de Rio / Brice Lalonde ... [et al.]. Dona i desenvolupament sostenible / Vandana Shiva ... [et al.] ; director de la publicació: |b Santiago Vilanova i Tané | ||
| 260 | |a Barcelona : |b Diputació de Barcelona, |c 1998 | ||
| 300 | |a 210 p. : |b il. ; |c 24 cm | ||
| 590 | |a A la portada: Associació Una Sola Terra. | ||
| 590 | |a A la coberta: Dona i medi ambient després de Rio | ||
| 650 | |a Conferència de Rio de Janeiro (1992) |9 39795 | ||
| 650 | 0 | |a Desenvolupament sostenible |v Congressos |9 39796 | |
| 650 | 0 | |a Medi ambient |v Congressos |9 8382 | |
| 650 | |a Dones i medi ambient |x Congressos |9 39798 | ||
| 700 | |a Lalonde, Brice |9 39799 |e autor | ||
| 700 | |a Shiva, Vandana |9 39800 |e autor | ||
| 700 | 1 | |a Vilanova, Santiago, |d 1947- |e director |9 37602 | |
| 710 | 1 | |a Barcelona (Catalunya : Província). |b Diputació |9 52408 | |
| 901 | |a Arxiu | ||
| 942 | |n 1 |2 udc | ||
| 952 | |0 0 |1 0 |4 0 |6 C1267 |7 1 |9 49215 |a Arxiu |b Arxiu |d 2016-12-01 |l 0 |o C-1-267 |p 12091 |r 2016-12-01 00:00:00 |w 2016-12-01 |y ARXIU | ||
| 999 | |c 53055 |d 53055 | ||